000 00606nam a2200205Ia 4500
001 5449
003 GE_BSU
008 181216s||||||||xx |||||||||||||| ||und||
040 _cGE_BSU
080 _a510.6(075.8)
100 _aЕршов, Ю.Л.; Е.А.Палютин;
245 _aМатематическая логика
245 _bУчеб. пособ. для студ. математических спец. вузов
260 _aМосква
260 _bНаука
260 _c1979
300 _a320с. 20 см..
653 _aМатематическая логика
942 _cBK
999 _c38985
_d38985